| 000 | 00379nam a22001697a 4500 | ||
|---|---|---|---|
| 003 | SGT | ||
| 020 | _a9789387963818 | ||
| 082 |
_a617.695 _bM19M |
||
| 100 | _aMahalaxmi, S. | ||
| 245 | _aMaterials used in Dentistry | ||
| 250 | _a2nd | ||
| 260 |
_bWolters Kluwer _c2019 |
||
| 300 | _a936 | ||
| 650 | _aDentistry | ||
| 653 | _aDentistry; Dental Materials | ||
| 942 |
_2ddc _cBK _09 |
||
| 999 |
_c22677 _d22677 |
||